| 000 | 00808nam a2200217 i 4500 | ||
|---|---|---|---|
| 001 | 98278 | ||
| 003 | ES-MaACL | ||
| 005 | 20231228063216.0 | ||
| 007 | t| | ||
| 008 | 050727s1941 cu f 00110aspa d | ||
| 080 | _a929 Martí, José | ||
| 080 | _a94(729.1)"1895/98"(093.3) | ||
| 100 | 1 |
_aMartí, José, _d1853-1895 _977189 |
|
| 245 | 1 | 0 |
_aDiario de José Martí _b: de Cabo Haitiano a Dos Ríos (9 de abril a mayo 17 de 1895) / _cJosé Martí. |
| 260 |
_aCeiba del Agua (Cuba) : _b[s.n.], _c1941 ( _fImp. del Instituto Cívico Militar) |
||
| 300 |
_a93 p., 1 lám. retr. ; _c23 cm. |
||
| 600 | 1 | 4 |
_aMartí, José, _d1853-1895 _977189 |
| 651 | 4 |
_aCuba- _xHistoria- _y1895-1898, Guerra de la Independencia- _vRelatos personales. _9150825 |
|
| 852 |
_aES-MaACL _j1832-F-5 |
||
| 999 |
_c98278 _d98278 |
||